000 00507nam a22001577a 4500
008 250522b |||||||| |||| 00| 0 eng d
020 _a9780128201091
050 _aQA76.9.C643
_b.P38 2009
100 _aPatterson A. David
245 _aComputer Organization and MIPS Edition
_bThe Hardware and Software Interface.
250 _aSixth Edition
260 _aWaltham-USA
_bMorgan Kaufmann
_c2009
300 _axv, 777p.
_billustration;
650 _aComputer Organisation
_vComputer Engineering
942 _cBK
999 _c3608
_d3608